000 00501nam a2200157Ia 4500
008 151213s9999 xx 000 0 und d
100 _aJohn D. Danials, Lee H. Redebaugh & Danial P. Sullivan
245 _aInternational Business
_cJohn D. Danials, Lee H. Redebaugh & Danial P. Sullivan
250 _a10th
260 _aU S A
_bPrentic Hall
_c2004
300 _a3049 p.
650 _aBusiness
650 _aBusiness
700 _aJohn D. Danials, Lee H. Redebaugh & Danial P. Sullivan
999 _c2118
_d2118